Industrial Dynamics : Technological, Organizational, and Structural Changes in Industries and Firms /

Guardado en:
Bibliografiske detaljer
Institution som forfatter: Conference on New Issues in Industrial Economics ( Cleveland, EUA)
Andre forfattere: Carlsson, Bo (edición) (edición)
Format: Procedimiento de la conferencia Bog
Sprog:engelsk
Udgivet: Boston, EUA : Kluwer, 1989, c1989
Serier:(Studies in Industrial Organization ; 10 )
Fag:
Tags: Tilføj Tag
Ingen Tags, Vær først til at tagge denne postø!

MARC

LEADER 00000nam^a2200000^a^4500
001 000163631
005 20250521000000.0
009 20260310100915.158
020 |a 0-7923-9044-X 
037 |a Acervo ITESO - Biblioteca 
041 |a ING 
082 |a 338. 6  |b CON 1987 
111 |a Conference on New Issues in Industrial Economics (  |d 1987 :  |c Cleveland, EUA) 
245 1 0 |a Industrial Dynamics :  |b Technological, Organizational, and Structural Changes in Industries and Firms /  |c Ed. B. Carlsson. 
264 4 |a Boston, EUA :  |b Kluwer,  |c 1989, c1989 
300 |a X, 317 p. 
336 |a texto  |b txt  |2 rdacontenido 
337 |a sin mediación  |b n  |2 rdamedio 
338 |a volumen  |b nc  |2 rdasoporte 
440 1 |a (Studies in Industrial Organization ;  |v 10 ) 
649 |a XX 
650 |a Industria -  |x Administración -  |x Congresos 
650 |a Industria -  |z Japón 
650 |a Industria -  |z EUA 
650 |a Industria -  |z Canadá 
650 |a Industrialización 
650 |a Desarrollo Tecnológico 
650 |a Desarrollo Económico-Social 
650 |a Competencia Internacional (Economía) 
650 |a Organización (Economía) 
650 |a Economía 
700 |a Carlsson, Bo  |e (edición) 
910 |a Fondo General 
920 |a Impresos - Libros 
930 |a Reserva Especial 
905 |a 103 
901 |a 0500096573  |b IT1  |c REE  |u 20250521 
902 |a https://opac.biblio.iteso.mx/vufind/Record/000163631